000 01116cam a2200253Ii 4500
001 castlesinair00gall
003 CaSfIA
005 20210117222917.0
007 cr||||
008 760615s1976 nyu 000 1 eng d
040 _aMNL
_cMNL
_dOCLCQ
_dCaSfIA
020 _a0380005700 (pbk.) :
_c$1.95
020 _a9780380005703 (pbk.)
035 _a(OCoLC)2229768
100 1 _aGallagher, Patricia.
245 1 0 _aCastles in the air /
_h[electronic resource]
_cPatricia Gallagher.
260 _aNew York :
_bAvon,
_c1976.
300 _a565 p. ;
_c18 cm.
856 4 1 _uhttp://www.archive.org/details/castlesinair00gall
_zFree eBook from the Internet Archive
856 4 2 _uhttp://www.openlibrary.org/books/OL24202869M
_zAdditional information and access via Open Library
942 _cEB
506 _fНеобхідна авторизація на https://archive.org/ (створення облікового запису безкоштовно)
506 _fНеобхідна авторизація на https://openlibrary.org/ (створення облікового запису безкоштовно)
999 _c478823
_d478823